| 000 | 00872nam a2200277 a 4500 | ||
|---|---|---|---|
| 001 | 25233 | ||
| 003 | CO-ViMGA | ||
| 008 | 141112s2004 ck r 000 u spa d | ||
| 020 | _a9786077661269 | ||
| 040 |
_aCO-ViMGA _bspa _cCO-ViMGA |
||
| 043 | _an - mx - - - | ||
| 082 | 0 | 4 | _aM863.6 M16l |
| 100 | 1 |
_aMansour Manzur, Vivian _938440 |
|
| 245 | 1 | 0 |
_aLotería de piratas / _cVivian Mansour Manzur ; ilustraciones de Sylvia Vivanco Extramiana |
| 250 | _a1a. ed. | ||
| 260 |
_aMéxico : _bEdiciones El Naranjo, _c2011 |
||
| 300 | _a86 p. : il. ; 20 cm. | ||
| 490 | _aEcos de tinta | ||
| 521 | _a8 años en adelante | ||
| 598 | _aNEW - GRAL, NEW | ||
| 650 | 1 | 4 | _aCuentos infantiles mexicanos |
| 700 | 1 |
_aLucio, Darío, il. _938441 |
|
| 917 | _a2010 - 1699 1 ejemplar | ||
| 942 |
_2ddc _cBK |
||
| 990 | _a2010 - 1699 Ediciones Castillo 1 ejemplar 21 22022010 a710683 | ||
| 999 |
_c32859 _d32859 |
||